00972nac a22002411u 4500010001600000020001500016082001900031090001500050100003400065245008500099260003700184300003600221504005300257650002300310650002400333650002600357700002600383856008900409856009000498942002100588999001500609952010600624 a 78012465 a047102447300a660.299bF9319 c4671d4671 aFroment, Gilbert F. 10aChemical reactor analysis and design /cGilbert F. Froment, Kenneth B. Bischoff. aNew York :bWiley,c1979.cc1979. axxxix, 765 p. :bill. ;c24 cm. aIncludes bibliographical references and indexes. 0aChemical reactors. 0aChemical reactions. 0aChemical engineering.1 aBischoff, Kenneth B.,423Publisher descriptionuhttp://www.loc.gov/catdir/enhancements/fy0607/78012465-d.html423Table of contents onlyuhttp://www.loc.gov/catdir/enhancements/fy0607/78012465-t.html cBBk660.299F9319 c4671d4671 00104070aMAINbMAINc1STd2013-09-07ePurchasel0o660.299 FROp000005644r2025-07-15 00:00:00yBB